000 00437nam a2200181Ia 4500
001 26154
008 140414s9999 xx 000 0 und d
020 _a0-7494-1636-x
040 _cPK-LaUMT
082 _a 658.8
_bADV-
100 _aAdrian Payne
245 _aAdvances in relationship marketing
_cAdrian Payne
260 _aLondon,UK:
_bKogan Page,
_c1995
300 _a286 p.
546 _aEN
650 _aMarketing
942 _cBK
999 _c26317
_d26317